[Event "ODJM A 2022"]
[Site "Willingen GER"]
[Date "2022.06.08"]
[Round "6"]
[White "Herter, Arne"]
[Black "Gerlach, Felix"]
[Result "0-1"]
[Termination "normal"]
[Board "11"]
[WhiteElo "1943"]
[BlackElo "2072"]
[WhiteClock "00:13:21"]
[BlackClock "00:14:43"]
[PlyCount "58"]
[WhiteFideId "16255372"]
[BlackFideId "12957690"]
[EventCountry "GER"]
[EventRounds "9"]
[EventType "swiss"]
[EventDate "2022.06.04"]

1. e4 {[%clk 1:30:58]} e5 {[%clk 1:30:54]} 2. Nf3 {[%clk 1:31:23]} Nc6 {[%clk
1:31:21]} 3. Bb5 {[%clk 1:31:46]} a6 {[%clk 1:31:45]} 4. Ba4 {[%clk 1:32:13]}
Nf6 {[%clk 1:32:10]} 5. O-O {[%clk 1:32:34]} Be7 {[%clk 1:32:36]} 6. Re1 {[%clk
1:32:43]} b5 {[%clk 1:33:02]} 7. Bb3 {[%clk 1:33:07]} d6 {[%clk 1:33:28]} 8. c3
{[%clk 1:33:17]} O-O {[%clk 1:33:52]} 9. h3 {[%clk 1:33:29]} Na5 {[%clk
1:34:17]} 10. Bc2 {[%clk 1:33:50]} c5 {[%clk 1:34:42]} 11. d4 {[%clk 1:33:58]}
Nd7 {[%clk 1:34:55]} 12. Nbd2 {[%clk 1:22:49]} exd4 {[%clk 1:33:55]} 13. cxd4
{[%clk 1:23:06]} Nc6 {[%clk 1:34:15]} 14. Nf1 {[%clk 1:21:21]} Bf6 {[%clk
1:23:22]} 15. Be3 {[%clk 1:02:33]} Re8 {[%clk 1:10:07]} 16. Rc1 {[%clk
0:58:54]} Bb7 {[%clk 1:02:01]} 17. Ng3 {[%clk 0:53:05]} g6 {[%clk 0:50:13]} 18.
Bb1 {[%clk 0:49:05]} cxd4 19. Nxd4 Nxd4 {[%clk 0:44:45]} 20. Bxd4 {[%clk
0:49:17]} d5 {[%clk 0:37:21]} 21. exd5 {[%clk 0:42:08]} Rxe1+ {[%clk 0:36:34]}
22. Qxe1 {[%clk 0:42:11]} Bxd4 {[%clk 0:36:49]} 23. Qd2 {[%clk 0:39:10]} Bg7
{[%clk 0:33:24]} 24. d6 {[%clk 0:29:10]} Rc8 {[%clk 0:30:38]} 25. Rd1 {[%clk
0:23:12]} Nf6 {[%clk 0:26:31]} 26. f3 {[%clk 0:17:24]} Rc5 {[%clk 0:20:03]} 27.
Be4 {[%clk 0:15:09]} Nxe4 {[%clk 0:15:06]} 28. fxe4 {[%clk 0:15:13]} Be5 {[%clk
0:14:54]} 29. Ne2 {[%clk 0:13:21]} Rc6 {[%clk 0:14:43]} 0-1

[Event "ODJM A 2022"]
[Site "Willingen GER"]
[Date "2022.06.08"]
[Round "6"]
[White "Lohr, Maximilian"]
[Black "Weigand, Anton"]
[Result "1/2-1/2"]
[Termination "normal"]
[Board "12"]
[WhiteElo "2080"]
[BlackElo "1872"]
[WhiteClock "00:24:16"]
[BlackClock "00:20:24"]
[PlyCount "78"]
[WhiteFideId "12999717"]
[BlackFideId "16221915"]
[EventCountry "GER"]
[EventRounds "9"]
[EventType "swiss"]
[EventDate "2022.06.04"]

1. e4 {[%clk 1:30:56]} c5 {[%clk 1:30:55]} 2. Nf3 {[%clk 1:31:21]} e6 {[%clk
1:31:18]} 3. c4 {[%clk 1:31:46]} Nc6 {[%clk 1:30:11]} 4. d4 {[%clk 1:32:10]}
cxd4 {[%clk 1:30:17]} 5. Nxd4 {[%clk 1:32:35]} Nf6 {[%clk 1:29:09]} 6. Nc3
{[%clk 1:25:06]} Bb4 {[%clk 1:25:32]} 7. Nxc6 {[%clk 1:22:51]} bxc6 {[%clk
1:24:39]} 8. Bd3 {[%clk 1:05:27]} d5 {[%clk 1:19:44]} 9. cxd5 {[%clk 0:55:42]}
exd5 {[%clk 1:05:52]} 10. exd5 {[%clk 0:56:03]} Nxd5 {[%clk 1:05:46]} 11. O-O
{[%clk 0:55:59]} O-O {[%clk 0:57:11]} 12. Nxd5 {[%clk 0:55:59]} Qxd5 {[%clk
0:54:13]} 13. Qc2 {[%clk 0:55:45]} h6 {[%clk 0:44:00]} 14. Bf4 {[%clk 0:45:06]}
Qc5 {[%clk 0:36:46]} 15. Qxc5 {[%clk 0:40:35]} Bxc5 {[%clk 0:37:09]} 16. Rac1
{[%clk 0:40:00]} Bd4 {[%clk 0:36:51]} 17. Rxc6 {[%clk 0:40:26]} Be6 {[%clk
0:36:24]} 18. b3 {[%clk 0:40:10]} Rfd8 {[%clk 0:34:56]} 19. Bc4 {[%clk
0:35:10]} Bxc4 {[%clk 0:34:39]} 20. Rxc4 {[%clk 0:35:33]} Rac8 {[%clk 0:33:41]}
21. Rfc1 {[%clk 0:35:15]} Rxc4 {[%clk 0:33:20]} 22. Rxc4 {[%clk 0:35:39]} Bb6
{[%clk 0:30:09]} 23. g4 {[%clk 0:35:13]} Rd1+ {[%clk 0:27:11]} 24. Kg2 {[%clk
0:35:33]} Re1 {[%clk 0:27:35]} 25. Bc7 {[%clk 0:35:05]} Re2 {[%clk 0:26:32]}
26. Bxb6 {[%clk 0:34:07]} axb6 {[%clk 0:25:51]} 27. a4 {[%clk 0:34:30]} Re6
{[%clk 0:25:35]} 28. b4 {[%clk 0:28:45]} Re1 {[%clk 0:24:00]} 29. Kf3 {[%clk
0:27:00]} Kf8 {[%clk 0:24:03]} 30. Re4 {[%clk 0:26:38]} Ra1 {[%clk 0:24:19]}
31. b5 {[%clk 0:27:02]} f6 {[%clk 0:22:37]} 32. h4 {[%clk 0:26:05]} Kf7 {[%clk
0:20:48]} 33. h5 {[%clk 0:26:27]} Ra3+ {[%clk 0:19:14]} 34. Ke2 {[%clk
0:25:55]} f5 {[%clk 0:19:32]} 35. Rf4 {[%clk 0:23:05]} Ke6 {[%clk 0:19:47]} 36.
gxf5+ {[%clk 0:23:13]} Ke5 {[%clk 0:20:07]} 37. Rg4 {[%clk 0:23:35]} Kxf5
{[%clk 0:20:15]} 38. Rxg7 {[%clk 0:23:54]} Rxa4 {[%clk 0:20:27]} 39. Rg6 {[%clk
0:24:16]} Rb4 {[%clk 0:20:24]} 1/2-1/2

[Event "ODJM A 2022"]
[Site "Willingen GER"]
[Date "2022.06.08"]
[Round "6"]
[White "Jenner, Meikel"]
[Black "Dornieden, Jonas"]
[Result "1/2-1/2"]
[Termination "normal"]
[Board "13"]
[WhiteElo "1981"]
[BlackElo "2069"]
[WhiteClock "00:54:41"]
[BlackClock "00:07:59"]
[PlyCount "67"]
[WhiteFideId "16245342"]
[BlackFideId "1336460"]
[EventCountry "GER"]
[EventRounds "9"]
[EventType "swiss"]
[EventDate "2022.06.04"]

1. e4 {[%clk 1:30:57]} c5 {[%clk 1:30:53]} 2. c4 {[%clk 1:31:23]} Nc6 {[%clk
1:30:39]} 3. Nc3 {[%clk 1:31:43]} e6 {[%clk 1:24:21]} 4. g3 {[%clk 1:32:06]} d6
{[%clk 1:21:37]} 5. Nge2 {[%clk 1:31:36]} Ne5 {[%clk 1:17:18]} 6. Bg2 {[%clk
1:31:04]} Nd3+ {[%clk 1:16:07]} 7. Kf1 {[%clk 1:31:30]} Nf6 {[%clk 1:14:17]} 8.
h3 {[%clk 1:30:33]} Be7 {[%clk 1:08:36]} 9. a3 {[%clk 1:29:36]} Bd7 {[%clk
1:03:16]} 10. Qc2 {[%clk 1:28:39]} Nxc1 {[%clk 1:02:52]} 11. Rxc1 {[%clk
1:29:01]} Rb8 {[%clk 0:55:55]} 12. Kg1 {[%clk 1:29:02]} a6 {[%clk 0:54:48]} 13.
Kh2 {[%clk 1:29:06]} b5 {[%clk 0:50:41]} 14. cxb5 {[%clk 1:28:25]} axb5 {[%clk
0:50:48]} 15. b4 {[%clk 1:28:50]} cxb4 {[%clk 0:39:46]} 16. axb4 {[%clk
1:29:08]} d5 {[%clk 0:38:06]} 17. e5 {[%clk 1:25:22]} Ng8 {[%clk 0:38:05]} 18.
Qb2 {[%clk 1:24:10]} h5 {[%clk 0:36:52]} 19. d4 {[%clk 1:20:58]} Nh6 {[%clk
0:33:23]} 20. Nd1 {[%clk 1:19:45]} Nf5 {[%clk 0:31:44]} 21. Rc3 {[%clk
1:14:26]} Rc8 {[%clk 0:27:26]} 22. Ne3 {[%clk 1:10:47]} Nxe3 {[%clk 0:27:08]}
23. Rxe3 {[%clk 1:10:30]} Rc4 {[%clk 0:26:53]} 24. Rb3 {[%clk 1:10:51]} Qc7
{[%clk 0:25:20]} 25. Rc1 {[%clk 1:10:07]} O-O {[%clk 0:25:10]} 26. Bf1 {[%clk
1:09:03]} Qb6 {[%clk 0:16:53]} 27. Rd1 {[%clk 1:03:48]} Rfc8 {[%clk 0:16:49]}
28. Rd2 {[%clk 1:03:07]} Qc7 {[%clk 0:16:13]} 29. Nf4 {[%clk 1:02:21]} Rc2
{[%clk 0:14:57]} 30. Rxc2 {[%clk 1:01:17]} Qxc2 {[%clk 0:15:22]} 31. Bd3 {[%clk
0:56:05]} Qxb2 {[%clk 0:14:57]} 32. Rxb2 {[%clk 0:56:29]} h4 {[%clk 0:09:14]}
33. Ne2 {[%clk 0:55:49]} Be8 {[%clk 0:07:59]} 34. Rb3 {[%clk 0:54:41]} 1/2-1/2

[Event "ODJM A 2022"]
[Site "Willingen GER"]
[Date "2022.06.08"]
[Round "6"]
[White "Savchenko, Daniel"]
[Black "Kruse, Victor"]
[Result "1-0"]
[Termination "normal"]
[Board "14"]
[WhiteElo "2134"]
[BlackElo "1733"]
[WhiteClock "00:33:51"]
[BlackClock "00:22:21"]
[PlyCount "89"]
[WhiteFideId "12919195"]
[BlackFideId "16256964"]
[EventCountry "GER"]
[EventRounds "9"]
[EventType "swiss"]
[EventDate "2022.06.04"]

1. e4 {[%clk 1:30:50]} c6 {[%clk 1:30:58]} 2. d4 {[%clk 1:31:11]} d5 {[%clk
1:31:25]} 3. exd5 {[%clk 1:31:33]} cxd5 {[%clk 1:31:43]} 4. Bd3 {[%clk
1:31:55]} Nf6 {[%clk 1:31:30]} 5. h3 {[%clk 1:32:11]} Nc6 {[%clk 1:31:35]} 6.
Nf3 {[%clk 1:32:22]} g6 {[%clk 1:31:40]} 7. c3 {[%clk 1:31:59]} Bf5 {[%clk
1:31:12]} 8. Be2 {[%clk 1:32:04]} Qc7 {[%clk 1:28:50]} 9. O-O {[%clk 1:30:57]}
Bg7 {[%clk 1:27:35]} 10. Re1 {[%clk 1:30:53]} O-O {[%clk 1:27:33]} 11. Be3
{[%clk 1:31:03]} a6 {[%clk 1:07:21]} 12. Nbd2 {[%clk 1:26:52]} b5 {[%clk
1:05:05]} 13. Nh4 {[%clk 1:22:12]} Ne4 {[%clk 0:59:52]} 14. Bd3 {[%clk
1:17:58]} Nxc3 {[%clk 0:47:48]} 15. bxc3 {[%clk 1:16:50]} Bxd3 {[%clk 0:46:36]}
16. Qf3 {[%clk 1:16:25]} Bc4 {[%clk 0:43:50]} 17. Bf4 {[%clk 1:14:01]} Qd7
{[%clk 0:39:19]} 18. Nxc4 {[%clk 1:06:58]} bxc4 {[%clk 0:39:17]} 19. Qe3 {[%clk
1:05:38]} Rfe8 {[%clk 0:32:45]} 20. Nf3 {[%clk 1:05:14]} Ra7 {[%clk 0:31:10]}
21. Re2 {[%clk 1:00:09]} Rb7 {[%clk 0:30:49]} 22. Rae1 {[%clk 1:00:20]} a5
{[%clk 0:28:29]} 23. Qc1 {[%clk 0:54:40]} e6 {[%clk 0:26:35]} 24. Bh6 {[%clk
0:49:43]} Reb8 {[%clk 0:18:23]} 25. Qf4 {[%clk 0:46:04]} Rb2 {[%clk 0:15:22]}
26. Qh4 {[%clk 0:43:21]} Rxe2 {[%clk 0:13:32]} 27. Rxe2 {[%clk 0:43:42]} f6
{[%clk 0:10:32]} 28. Bxg7 {[%clk 0:39:49]} Kxg7 {[%clk 0:10:51]} 29. Qg4 {[%clk
0:39:39]} Nd8 {[%clk 0:09:23]} 30. h4 {[%clk 0:38:37]} h5 {[%clk 0:08:53]} 31.
Qf4 {[%clk 0:37:39]} Rb1+ {[%clk 0:08:59]} 32. Kh2 {[%clk 0:38:00]} Nf7 {[%clk
0:09:02]} 33. g3 {[%clk 0:32:31]} Rb6 {[%clk 0:09:07]} 34. Kg2 {[%clk 0:31:49]}
Qd6 35. Qxd6 {[%clk 0:31:29]} Rxd6 {[%clk 0:09:25]} 36. Rb2 {[%clk 0:31:42]} g5
{[%clk 0:07:02]} 37. hxg5 fxg5 {[%clk 0:04:28]} 38. Ne5 {[%clk 0:06:05]} Nxe5
{[%clk 0:03:33]} 39. dxe5 {[%clk 0:06:29]} Ra6 {[%clk 0:03:58]} 40. f4 {[%clk
0:04:59]} a4 {[%clk 0:03:21]} 41. a3 {[%clk 0:05:00]} Kg6 42. Kf3 {[%clk
0:04:10]} Kf5 {[%clk 0:01:48]} 43. Rb8 {[%clk 0:03:34]} gxf4 {[%clk 0:24:05]}
44. gxf4 {[%clk 0:33:51]} Rc6 {[%clk 0:22:21]} 45. Rg8 1-0

[Event "ODJM A 2022"]
[Site "Willingen GER"]
[Date "2022.06.08"]
[Round "6"]
[White "Zha, Kevin"]
[Black "Hofmann, Lorenz"]
[Result "0-1"]
[Termination "normal"]
[Board "15"]
[WhiteElo "1835"]
[BlackElo "2056"]
[WhiteClock "00:03:48"]
[BlackClock "00:14:16"]
[PlyCount "58"]
[WhiteFideId "16208951"]
[BlackFideId "12995509"]
[EventCountry "GER"]
[EventRounds "9"]
[EventType "swiss"]
[EventDate "2022.06.04"]

1. e4 {[%clk 1:30:59]} c6 {[%clk 1:30:57]} 2. d4 {[%clk 1:31:24]} d5 {[%clk
1:31:24]} 3. f3 {[%clk 1:30:52]} Nf6 {[%clk 1:31:47]} 4. Nc3 {[%clk 1:30:22]}
e6 {[%clk 1:31:49]} 5. Bg5 {[%clk 1:29:43]} Be7 {[%clk 1:31:26]} 6. Qd2 {[%clk
1:29:46]} b5 {[%clk 1:25:57]} 7. Bd3 {[%clk 1:22:53]} a5 {[%clk 1:10:32]} 8.
Nge2 {[%clk 1:15:11]} b4 {[%clk 1:07:50]} 9. Nd1 {[%clk 1:12:26]} Ba6 {[%clk
1:07:41]} 10. Ne3 {[%clk 1:10:19]} Qb6 {[%clk 0:53:07]} 11. c4 {[%clk 1:05:16]}
Nxe4 {[%clk 0:41:37]} 12. fxe4 {[%clk 0:53:51]} Bxg5 {[%clk 0:41:55]} 13. c5
{[%clk 0:54:07]} Qd8 {[%clk 0:41:30]} 14. exd5 {[%clk 0:42:57]} exd5 {[%clk
0:41:30]} 15. O-O {[%clk 0:43:04]} O-O {[%clk 0:40:32]} 16. Nf4 {[%clk
0:41:35]} g6 {[%clk 0:35:47]} 17. Ng4 {[%clk 0:34:53]} Nd7 {[%clk 0:33:00]} 18.
Rf3 {[%clk 0:24:37]} f5 {[%clk 0:30:15]} 19. Nf2 {[%clk 0:23:28]} Re8 {[%clk
0:26:24]} 20. N2h3 {[%clk 0:22:17]} Bh6 {[%clk 0:26:27]} 21. Re1 {[%clk
0:17:27]} Bxd3 22. Rxd3 {[%clk 0:16:27]} Re4 {[%clk 0:18:44]} 23. Rxe4 {[%clk
0:12:38]} dxe4 {[%clk 0:18:45]} 24. Rg3 {[%clk 0:12:53]} Nf6 {[%clk 0:17:19]}
25. Qd1 {[%clk 0:13:06]} Ng4 {[%clk 0:17:01]} 26. d5 {[%clk 0:11:59]} cxd5
{[%clk 0:15:24]} 27. Nxd5 {[%clk 0:10:49]} Rc8 {[%clk 0:15:13]} 28. Rxg4 {[%clk
0:07:55]} Rxc5 {[%clk 0:14:19]} 29. Rxe4 {[%clk 0:03:48]} fxe4 {[%clk 0:14:16]}
0-1

[Event "ODJM A 2022"]
[Site "Willingen GER"]
[Date "2022.06.08"]
[Round "6"]
[White "Pick, Max"]
[Black "Koll, Linus"]
[Result "0-1"]
[Termination "normal"]
[Board "16"]
[WhiteElo "1841"]
[BlackElo "1989"]
[WhiteClock "00:21:59"]
[BlackClock "00:12:18"]
[PlyCount "76"]
[WhiteFideId "16210883"]
[BlackFideId "12990299"]
[EventCountry "GER"]
[EventRounds "9"]
[EventType "swiss"]
[EventDate "2022.06.04"]

1. d4 {[%clk 1:30:58]} Nf6 {[%clk 1:30:57]} 2. Nf3 {[%clk 1:31:22]} d5 {[%clk
1:31:23]} 3. Bf4 {[%clk 1:31:44]} c5 {[%clk 1:31:49]} 4. e3 {[%clk 1:31:44]}
Nc6 {[%clk 1:32:11]} 5. c3 {[%clk 1:31:45]} Qb6 {[%clk 1:32:32]} 6. Qb3 {[%clk
1:30:42]} c4 {[%clk 1:32:57]} 7. Qxb6 {[%clk 1:31:08]} axb6 {[%clk 1:33:23]} 8.
Na3 {[%clk 1:31:06]} Bf5 {[%clk 1:07:21]} 9. Nh4 {[%clk 1:21:50]} Bg4 {[%clk
1:02:38]} 10. f3 {[%clk 1:19:46]} Be6 {[%clk 1:00:02]} 11. g4 {[%clk 1:18:13]}
h6 {[%clk 0:59:49]} 12. Bg3 {[%clk 1:16:24]} g5 {[%clk 0:59:40]} 13. Nf5 {[%clk
1:11:21]} h5 {[%clk 0:55:33]} 14. Be2 {[%clk 1:05:56]} hxg4 {[%clk 0:46:22]}
15. fxg4 {[%clk 1:03:27]} Ne4 {[%clk 0:46:31]} 16. O-O {[%clk 0:57:09]} Nxc3
{[%clk 0:45:50]} 17. bxc3 {[%clk 0:55:09]} Rxa3 {[%clk 0:46:16]} 18. Rfb1
{[%clk 0:54:42]} Rxc3 {[%clk 0:40:10]} 19. Kf2 {[%clk 0:50:39]} Bxf5 {[%clk
0:38:41]} 20. gxf5 {[%clk 0:50:58]} Bg7 {[%clk 0:38:11]} 21. Rxb6 {[%clk
0:50:23]} Rxe3 {[%clk 0:32:55]} 22. Rxc6 {[%clk 0:48:18]} Rxe2+ {[%clk
0:33:18]} 23. Kxe2 {[%clk 0:48:43]} bxc6 {[%clk 0:33:46]} 24. Rb1 {[%clk
0:47:24]} O-O {[%clk 0:33:37]} 25. Ke3 {[%clk 0:47:33]} e6 {[%clk 0:21:35]} 26.
fxe6 {[%clk 0:44:12]} f5 {[%clk 0:21:31]} 27. Be5 {[%clk 0:36:14]} f4+ {[%clk
0:20:02]} 28. Kf3 {[%clk 0:36:14]} Re8 {[%clk 0:14:29]} 29. Rg1 {[%clk
0:34:26]} Bh6 {[%clk 0:11:26]} 30. Bxf4 {[%clk 0:27:21]} Rf8 {[%clk 0:11:21]}
31. Kg4 {[%clk 0:23:41]} gxf4 {[%clk 0:10:29]} 32. Kh5+ {[%clk 0:23:53]} Bg7
{[%clk 0:10:51]} 33. a4 {[%clk 0:23:13]} f3 {[%clk 0:10:25]} 34. e7 {[%clk
0:22:00]} Re8 {[%clk 0:10:48]} 35. Rf1 {[%clk 0:22:24]} Rxe7 {[%clk 0:11:12]}
36. Rxf3 {[%clk 0:22:49]} Bxd4 {[%clk 0:11:38]} 37. a5 {[%clk 0:21:59]} c3
{[%clk 0:11:58]} 38. Rf1 {[%clk 0:21:59]} Be3 {[%clk 0:12:18]} 0-1

[Event "ODJM A 2022"]
[Site "Willingen GER"]
[Date "2022.06.08"]
[Round "6"]
[White "Kotyk, Michael"]
[Black "Paeslack, Luis"]
[Result "1-0"]
[Termination "normal"]
[Board "18"]
[WhiteElo "2197"]
[BlackElo "1889"]
[WhiteClock "00:54:25"]
[BlackClock "00:00:53"]
[PlyCount "81"]
[WhiteFideId "16214501"]
[BlackFideId "12987760"]
[EventCountry "GER"]
[EventRounds "9"]
[EventType "swiss"]
[EventDate "2022.06.04"]

1. d4 {[%clk 1:30:59]} Nf6 {[%clk 1:30:55]} 2. c4 {[%clk 1:31:23]} e6 {[%clk
1:31:22]} 3. Nc3 {[%clk 1:31:49]} Bb4 {[%clk 1:31:49]} 4. e3 {[%clk 1:32:14]}
O-O {[%clk 1:32:02]} 5. Nge2 {[%clk 1:32:32]} Re8 {[%clk 1:24:31]} 6. a3 {[%clk
1:32:56]} Bf8 {[%clk 1:24:57]} 7. e4 {[%clk 1:33:22]} d5 {[%clk 1:25:24]} 8. e5
{[%clk 1:33:30]} Nfd7 {[%clk 1:24:33]} 9. cxd5 {[%clk 1:33:54]} exd5 {[%clk
1:24:59]} 10. f4 {[%clk 1:34:19]} c5 {[%clk 1:20:00]} 11. Be3 {[%clk 1:34:45]}
Nc6 {[%clk 1:19:28]} 12. dxc5 Bxc5 {[%clk 1:12:11]} 13. Bxc5 {[%clk 1:35:13]}
Nxc5 {[%clk 1:12:37]} 14. b4 {[%clk 1:35:40]} Ne4 {[%clk 1:04:42]} 15. Qxd5
{[%clk 1:34:57]} Nxc3 {[%clk 0:34:34]} 16. Qxd8 {[%clk 1:34:30]} Rxd8 {[%clk
0:32:35]} 17. Nxc3 {[%clk 1:34:57]} Nd4 {[%clk 0:16:08]} 18. Rc1 {[%clk
1:16:57]} Bf5 {[%clk 0:12:38]} 19. Be2 {[%clk 1:16:24]} Nc2+ {[%clk 0:06:07]}
20. Kf2 {[%clk 1:15:59]} h5 {[%clk 0:03:02]} 21. Nb5 {[%clk 1:12:45]} Rd2
{[%clk 0:02:44]} 22. Rhd1 {[%clk 1:12:47]} Rad8 {[%clk 0:02:19]} 23. Nd6 {[%clk
1:13:03]} Rxe2+ {[%clk 0:01:56]} 24. Kxe2 {[%clk 1:13:14]} Bg4+ {[%clk
0:02:24]} 25. Kf2 {[%clk 1:09:05]} Bxd1 {[%clk 0:02:49]} 26. Rxd1 {[%clk
1:09:32]} Nxa3 {[%clk 0:03:06]} 27. Ra1 {[%clk 1:08:58]} Nc2 {[%clk 0:03:29]}
28. Rxa7 {[%clk 1:09:23]} Nxb4 {[%clk 0:02:17]} 29. Rxb7 {[%clk 1:09:52]} Nd5
{[%clk 0:02:11]} 30. Kf3 {[%clk 1:08:05]} Rf8 {[%clk 0:01:33]} 31. Ke4 {[%clk
1:05:39]} Nc3+ {[%clk 0:01:54]} 32. Kf5 {[%clk 1:03:06]} Nd5 {[%clk 0:00:55]}
33. Ke4 {[%clk 1:00:58]} Nc3+ {[%clk 0:01:18]} 34. Kd4 {[%clk 1:01:16]} Ne2+
{[%clk 0:01:26]} 35. Ke3 {[%clk 1:01:40]} Nc3 {[%clk 0:01:36]} 36. Rb3 {[%clk
1:02:09]} Na4 {[%clk 0:01:02]} 37. Kd4 {[%clk 1:00:55]} g6 {[%clk 0:00:58]} 38.
Kc4 {[%clk 0:59:26]} Ra8 {[%clk 0:01:05]} 39. g3 {[%clk 0:55:00]} Ra7 {[%clk
0:00:47]} 40. Kb5 {[%clk 0:54:31]} Ra6 {[%clk 0:00:53]} 41. Ra3 {[%clk
0:54:25]} 1-0

[Event "ODJM A 2022"]
[Site "Willingen GER"]
[Date "2022.06.08"]
[Round "6"]
[White "Bartelt, Max Peter"]
[Black "Nguyen, Phuc Nhat"]
[Result "0-1"]
[Termination "normal"]
[Board "19"]
[WhiteElo "1959"]
[BlackElo "1839"]
[WhiteClock "00:58:13"]
[BlackClock "00:28:21"]
[PlyCount "70"]
[WhiteFideId "12967289"]
[BlackFideId "16253590"]
[EventCountry "GER"]
[EventRounds "9"]
[EventType "swiss"]
[EventDate "2022.06.04"]

1. d4 {[%clk 1:30:59]} Nf6 {[%clk 1:30:52]} 2. Bg5 {[%clk 1:30:16]} d5 {[%clk
1:31:12]} 3. Bxf6 {[%clk 1:30:42]} gxf6 {[%clk 1:31:35]} 4. Nc3 {[%clk
1:31:10]} e6 {[%clk 1:31:49]} 5. e3 {[%clk 1:31:36]} c5 {[%clk 1:32:04]} 6. Qh5
{[%clk 1:32:01]} cxd4 {[%clk 1:32:23]} 7. exd4 {[%clk 1:32:28]} Nc6 {[%clk
1:32:46]} 8. O-O-O {[%clk 1:32:54]} Bb4 {[%clk 1:33:10]} 9. Nge2 {[%clk
1:33:05]} Bd7 {[%clk 1:33:34]} 10. f4 {[%clk 1:33:26]} f5 {[%clk 1:33:59]} 11.
g4 {[%clk 1:33:52]} fxg4 {[%clk 1:34:16]} 12. f5 {[%clk 1:34:08]} Rg8 {[%clk
1:34:35]} 13. h4 {[%clk 1:33:13]} Qa5 {[%clk 1:34:52]} 14. Bg2 {[%clk 1:31:34]}
O-O-O {[%clk 1:31:24]} 15. a3 {[%clk 1:30:24]} Bxc3 {[%clk 1:31:26]} 16. Nxc3
{[%clk 1:30:49]} Ne7 {[%clk 0:58:47]} 17. fxe6 {[%clk 1:25:36]} Bxe6 {[%clk
0:58:45]} 18. Rhf1 {[%clk 1:22:28]} Ng6 {[%clk 0:52:54]} 19. Qg5 {[%clk
1:16:48]} h5 {[%clk 0:50:34]} 20. Rf6 {[%clk 1:15:36]} Qc7 {[%clk 0:49:13]} 21.
Nxd5 {[%clk 1:11:57]} Bxd5 {[%clk 0:46:35]} 22. Bxd5 {[%clk 1:10:59]} Ne7
{[%clk 0:46:41]} 23. Bxb7+ {[%clk 1:10:29]} Qxb7 {[%clk 0:46:29]} 24. Qc5+
{[%clk 1:05:35]} Qc7 {[%clk 0:44:57]} 25. Qb5 {[%clk 1:05:15]} g3 {[%clk
0:40:11]} 26. Rf3 {[%clk 1:02:50]} Nd5 {[%clk 0:39:00]} 27. Rb3 {[%clk
1:02:07]} Rd7 {[%clk 0:34:58]} 28. Qa6+ {[%clk 0:58:37]} Kd8 {[%clk 0:33:38]}
29. Rb5 {[%clk 0:58:48]} Rg6 {[%clk 0:31:50]} 30. Qa4 {[%clk 0:58:54]} g2
{[%clk 0:30:30]} 31. Rc5 {[%clk 0:56:29]} g1=Q {[%clk 0:27:21]} 32. Rxc7 {[%clk
0:56:56]} Qe3+ {[%clk 0:27:38]} 33. Kb1 {[%clk 0:57:23]} Rxc7 {[%clk 0:27:39]}
34. Qb5 {[%clk 0:57:48]} Nc3+ {[%clk 0:27:55]} 35. bxc3 {[%clk 0:58:13]} Rb6
{[%clk 0:28:21]} 0-1